Kolobeh života

Bibliographic Details
Main Author: Bojtimová, Jana (Author)
Format: Article
Language:Slovak
Subjects:

MARC

LEADER 00000nab a2200000 a 4500
001 vtls001005274
003 SK-MaSNL
005 20260304181449.0
008 040720e19980000xo 0 slo
035 |a RV5874 
040 |a RVGKPD  |b slo  |c RVGKPD  |e AACR2 
041 0 |a slo 
044 |a xo  |c SK 
080 |a 885.4-3  |2 1981 
100 1 |a Bojtimová, Jana  |4 aut  |9 1511609 
245 1 0 |a Kolobeh života 
650 0 7 |a poviedky  |2 RVGKPD  |9 268203 
650 0 7 |a slovenská literatúra  |2 RVGKPD  |9 1115 
650 0 7 |a autori začínajúci  |2 RVGKPD  |9 877781 
651 7 |a Rožňava (Slovensko)  |2 RVGKPD  |9 17394 
655 7 |a periodikum  |2 snkbucl  |9 29553 
773 0 8 |t Vulkán  |g Roč. 1, č.6 (1998), s. 3,4 
852 |a ZVYKNI  |b KIS3GCP 
999 |c 3024175  |d 3026105